Aktuality výpočetní techniky 53 Spolehlivost, diagnostika, zabezpečení

Salvato in:
Dettagli Bibliografici
Natura: Libro
Lingua:ceco
Pubblicazione: Praha Výzkumný ústav matematických strojů 1985
Tags: Aggiungi Tag
Nessun Tag, puoi essere il primo ad aggiungerne!!

MARC

LEADER 00000nam a2200000 4500
001 c107471
005 20200721094826.7
041 0 |a cze 
044 |a CZ 
245 1 0 |a Aktuality výpočetní techniky 53  |b Spolehlivost, diagnostika, zabezpečení 
264 1 |a Praha  |b Výzkumný ústav matematických strojů  |c 1985 
300 |a 142 s.